All European Cities Over 500,000 - Statistics

General Stats
  • This quiz has been taken 581 times
  • The average score is 70 of 100
Answer Stats
Population Country City % Correct
12,480,481 Russia Moscow
99%
3,669,491 Germany Berlin
98%
9,047,570 United Kingdom London
98%
9,808,861 Turkey Istanbul
97%
2,967,360 Ukraine Kiev
97%
3.226.126 Spain Madrid
97%
2,837,332 Italy Rome
97%
3,168,846 Greece Athens
96%
1,636,762 Spain Barcelona
96%
2,187,526 France Paris
96%
5,398,064 Russia Saint Petersburg
96%
1.790.658 Poland Warsaw
96%
1,752,286 Hungary Budapest
95%
1,714,227 Austria Vienna
95%
1,324,277 Czechia Prague
94%
1,883,425 Romania Bucharest
93%
1,330,993 Denmark Copenhagen
93%
1,847,253 Germany Hamburg
93%
1,396,059 Italy Milan
93%
1,836,808 Belarus Minsk
93%
1,484,226 Germany Munich
93%
872,757 Netherlands Amsterdam
91%
1,166,763 Serbia Belgrade
90%
693,494 Norway Oslo
90%
1,202,761 Bulgaria Sofia
90%
974,073 Sweden Stockholm
90%
962,589 Italy Naples
89%
1,160,254 United Kingdom Birmingham
88%
653,835 Finland Helsinki
88%
563,561 United Kingom Manchester
87%
553,165 Ireland Dublin
86%
627,487 Latvia Riga
86%
763,380 Germany Frankfurt
85%
586,889 United Kingdom Liverpool
85%
651,157 Netherlands Rotterdam
85%
779,115 Poland Kraków
83%
863,310 France Marseille
83%
688,163 Croatia Zagreb
83%
1,087,863 Germany Cologne
82%
629,920 United Kingdom Glasgow
82%
870,952 Italy Turin
82%
552,700 Portugal Lisbon
81%
516,092 France Lyon
80%
688,592 Spain Seville
80%
794,288 Spain Valencia
80%
1,017,699 Ukraine Odessa
79%
1,443,207 Ukraine Kharkiv
78%
550,834 Lithuania Vilnius
77%
806,635 Greece Thessaloniki
76%
511,164 United Kingdom Leeds
75%
532,513 Moldova Chișinău
74%
908,456 Ukraine Donetsk
74%
724,314 Ukraine Lviv
74%
635,911 Germany Stuttgart
74%
529,247 Belgium Antwerp
73%
504,020 United Kingdom Edinburgh
73%
621,877 Germany Düsseldorf
72%
579,281 Sweden Gothenburg
72%
657,960 Italy Palermo
72%
545,838 Netherlands The Hague
72%
593,145 Germany Leipzig
68%
679,941 Poland Łódź
68%
1,008,998 Russia Volgograd
68%
588,250 Germany Dortmund
67%
1,257,391 Russia Kazan
67%
574,654 Spain Málaga
67%
574,090 Italy Genoa
66%
1,137,904 Russia Rostov-on-Don
65%
567,559 Germany Bremen
64%
518,370 Germany Nuremburg
64%
990,724 Ukraine Dnipro
63%
1,252,236 Russia Nizhny Novgorod
63%
536,925 Germany Hanover
62%
552,143 United Kingdom Sheffield
62%
642,869 Poland Wrocław
60%
674,997 Spain Zaragoza
60%
582,760 Germany Essen
59%
534,813 Poland Poznań
59%
1,156,659 Russia Samara
58%
1,128,787 Russia Ufa
56%
1,055,397 Russia Perm
55%
577,246 United Kingdom Bristol
53%
932,629 Russia Krasnodar
50%
1,058,261 Russia Voronezh
48%
838,042 Russia Saratov
42%
731,922 Ukraine Zaporizhia
32%
608,353 Russia Yaroslavl
31%
699,249 Russia Tolyatti
30%
529,793 Russia Astrakhan
27%
572,188 Russia Orenburg
27%
627,705 Russia Ulyanovsk
22%
539,290 Russia Ryazan
21%
603,518 Russia Makhachkala
20%
508,573 Russia Lipetsk
19%
520,300 Russia Penza
19%
648,148 Russia Izhevsk
18%
518,348 Russia Kirov
16%
533,839 Russia Naberezhnye Chelny
10%
507,366 Russia Balashikha
4%
619,278 Ukraine Kryvyj Rih
3%
No matching quizzes found
Score Distribution
Percent of People with Each Score
Percentile by Number Answered
Your Score History
You have not taken this quiz